00471nam a2200181Ia 4500003000400000005001700004008004100021020001800062040000700080041000800087082002200095100002100117245006200138250000700200260005000207300001900257365001300276OSt20230321105820.0210423s2007 xx 000 0 und d a9788181593009 cAL aeng a657.46 223bMANT aMANOHARAN (T N). aDirect tax laws: assessment year 2008-2009 solved paper.. a13 aMumbaibSnow White Publications Pvt Ltdc2007 acxlvi,1288bPB b575cINR